00825cam a22002173a 450000100060000000300060000600500170001200800410002904000150007004200070008505000100009210000440010224502400014626000290038650600300041551600200044565300450046570000260051083000290053685600420056532475PGUSA20140828083713.0100521s2010||||xxu|||||s|||||000 | eng d aPGUSAbeng adc 4aF12011 aDíaz del Castillo, Bernal,d1496-158414aThe Memoirs of the Conquistador Bernal Diaz del Castillo, Vol 2 (of 2) :bWritten by Himself Containing a True and Full Account of the Discovery and Conquest of Mexico and New Spain.h[electronic resource] /cBernal Díaz del Castillo bProject Gutenberg,c2010 aPublic domain in the USA. aElectronic text aMexico -- History -- Conquest, 1519-15401 aLockhart, John Ingram 0aProject Gutenbergv3247540uhttp://www.gutenberg.org/ebooks/32475